Basic Statistics of Bangladesh Agriculture / (Record no. 64416)
[ view plain ]
| 000 -LEADER | |
|---|---|
| fixed length control field | 00855nam a2200241 a 4500 |
| 001 - CONTROL NUMBER | |
| control field | 64416 |
| 003 - CONTROL NUMBER IDENTIFIER | |
| rucl marc code | BD-RjUL |
| 005 - DATE AND TIME OF LATEST TRANSACTION | |
| control field | 20211209081316.0 |
| 008 - FIXED-LENGTH DATA ELEMENTS--GENERAL INFORMATION | |
| fixed length control field | 170214s1975 bg a |s o000 0 eng |
| 020 ## - INTERNATIONAL STANDARD BOOK NUMBER | |
| International Standard Book Number | : Tk. 30.00 |
| 035 ## - SYSTEM CONTROL NUMBER | |
| System control number | (BD-RjUL)64546 |
| 040 ## - CATALOGING SOURCE | |
| Original cataloging agency | DLC |
| Transcribing agency | DLC |
| Modifying agency | DLC |
| -- | BD-RjUL |
| Language of cataloging | eng |
| 041 ## - LANGUAGE CODE | |
| Language code of text/sound track or separate title | eng |
| 082 ## - DEWEY DECIMAL CLASSIFICATION NUMBER | |
| Edition number | 23 |
| Classification number | 630.95492021 |
| Author mark and year | BAB 1975 |
| 110 1# - MAIN ENTRY--CORPORATE NAME | |
| Corporate name or jurisdiction name as entry element | Bangladesh. |
| Subordinate unit | Ministry of Agriculture. Agro-Economic Research Section. |
| 9 (RLIN) | 191145 |
| 245 10 - TITLE STATEMENT | |
| Title | Basic Statistics of Bangladesh Agriculture / |
| Statement of responsibility, etc. | Bangladesh.Ministry of Agriculture. Agro-Economic Research Section. |
| 260 ## - PUBLICATION, DISTRIBUTION, ETC. (IMPRINT) | |
| Place of publication, distribution, etc. | Dacca : |
| Name of publisher, distributor, etc. | Ministry of Agriculture, |
| Date of publication, distribution, etc. | 1975 |
| 300 ## - PHYSICAL DESCRIPTION | |
| Pagination | [8], 203 p. : |
| Illustrations | Ill. ; |
| Size | 29 cm. |
| 490 ## - SERIES STATEMENT | |
| Series statement | Statistical Series ; |
| Volume/sequential designation | No. 2 |
| 650 ## - SUBJECT ADDED ENTRY--TOPICAL TERM | |
| Topical term or geographic name as entry element | Agriculture |
| Geographic subdivision | Bangladesh |
| Form subdivision | Statistics. |
| 9 (RLIN) | 191149 |
| 830 ## - SERIES ADDED ENTRY--UNIFORM TITLE | |
| Uniform title | Statistical Series ; |
| Volume number/sequential designation | No. 2 |
| 942 ## - ADDED ENTRY ELEMENTS (KOHA) | |
| Source of classification or shelving scheme | Dewey Decimal Classification |
| Koha item type | Rare Books |
| Lost status | Source of classification or shelving scheme | Damaged status | Not for loan | Collection code | Permanent Location | Current Location | Shelving location | Date acquired | Total Checkouts | Full call number | Date last seen | Copy number | Koha item type | Source of acquisition | Cost, normal purchase price |
|---|---|---|---|---|---|---|---|---|---|---|---|---|---|---|---|
| Dewey Decimal Classification | Not For Loan | Rare Books | Central Library, University of Rajshahi | Central Library, University of Rajshahi | Rare Book Section | 14/02/2017 | RA 630.95492021 BAB 1975 | 14/02/2017 | C-1 | Rare Books | |||||
| Dewey Decimal Classification | Not For Loan | Rare Books | Central Library, University of Rajshahi | Central Library, University of Rajshahi | Rare Book Section | 30/06/1981 | RA 630.95492021 BAB 1975 | 06/12/2018 | C-2 | Rare Books | Eureka, Rajshahi | 30.00 |